REINFORCOD CONCRETE / (Record no. 586876)
[ view plain ]
| 000 -LEADER | |
|---|---|
| fixed length control field | 00297nam a22001217a 4500 |
| 040 ## - CATALOGING SOURCE | |
| Transcribing agency | FIZZA ISHAQ |
| 082 ## - DEWEY DECIMAL CLASSIFICATION NUMBER | |
| Classification number | 624.1834 |
| Author Mark | ISC |
| 100 ## - MAIN ENTRY--PERSONAL NAME | |
| Personal name | AKGOEL, I.C SYAL. |
| 9 (RLIN) | 85081 |
| 245 ## - TITLE STATEMENT | |
| Title | REINFORCOD CONCRETE / |
| Statement of responsibility, etc. | I.C SYAL AKGOEL. |
| 260 ## - PUBLICATION, DISTRIBUTION, ETC. | |
| Place of publication, distribution, etc. | NEW DEHLI : |
| Date of publication, distribution, etc. | 2004. |
| 300 ## - PHYSICAL DESCRIPTION | |
| Extent | 720 P. ; |
| 942 ## - ADDED ENTRY ELEMENTS (KOHA) | |
| Source of classification or shelving scheme | |
| Koha item type | Book |
| Withdrawn status | Lost status | Source of classification or shelving scheme | Damaged status | Not for loan | Permanent Location | Current Location | Date acquired | Total Checkouts | Full call number | Date last seen | Copy number | Price effective from | Koha item type |
|---|---|---|---|---|---|---|---|---|---|---|---|---|---|
| NUST Baluchistan Campus (NBC) | NUST Baluchistan Campus (NBC) | 11/25/2021 | 624.1834 ISC | 11/25/2021 | Q-2083 | 11/25/2021 | Book |
